Statistics for First Names of Football Players #2

Click here to take the quiz!

General Stats

  • This quiz has been taken 47 times
  • The average score is 14 of 20

Answer Stats

HintAnswer% Correct
JesusGabriel
96%
EriksenChristian
89%
HavertzKai
89%
PerisicIvan
87%
FodenPhil
87%
NunezDarwin
83%
StonesJohn
83%
NavasKeylor
83%
RudigerAntonio
77%
SchmeichelKasper
77%
OdegaardMartin
74%
MartialAnthony
70%
CarvajalDaniel
68%
IcardiMauro
64%
WeghorstWout
62%
MusialaJamal
60%
SommerYann
57%
LemarThomas
51%
TsimikasKonstantinos
30%
FullkrugNiclas
21%

Score Distribution

Percentile by Number Answered

Percent of People with Each Score

Your Score History

You have not taken this quiz